|
|
|
|
| LEADER |
00656cam a2200193 7i4500 |
| 001 |
0000030846 |
| 005 |
20140409090000.0 |
| 090 |
0 |
0 |
|a INDO 338.74025
|b IND
|
| 245 |
0 |
0 |
|a Indonesian manufacturing companies directory 2013 :
|b volume 1 : A - E.
|
| 260 |
0 |
0 |
|a Jakarta:
|b Citra Cendekia Indonesia,
|c 2013.
|
| 300 |
# |
# |
|a 1v. [v.p].
|
| 500 |
0 |
0 |
|a Library has volume 1 - volume 4
|
| 500 |
0 |
0 |
|a Volume 4 : S - Z
|
| 500 |
0 |
0 |
|a Volume 1 : A - E
|
| 500 |
0 |
0 |
|a Volume 2 : F - K
|
| 500 |
0 |
0 |
|a Volume 3 : L - R
|
| 650 |
0 |
0 |
|a Manufacturing industries --
|x Directories --
|z Indonesia
|
| 651 |
0 |
0 |
|a Indonesia
|
| 999 |
|
|
|a B000034200
|b Directories
|c Countries
|e Business Information Centre
|